000
00332nam a2200145Ia 4500
008
210210b2000 xxu||||| |||| 00| 0 eng d
082
_a
362.29 PERA
100
_a
PEREIRA (Saul).
245
_a
Addictions.
260
_a
_b
Saul Pereira
_c
2000
300
_a
57
650
_a
Alcoholism
690
_a
Social Welfare
906
_a
046244
999
_c
95528
_d
95528